Oracle E-Business Suite Financials Handbook / (Record no. 720)

MARC details
000 -LEADER
fixed length control field 01207nac a22002771u 4500
008 - FIXED-LENGTH DATA ELEMENTS--GENERAL INFORMATION
fixed length control field 100922t xxu||||| |||| 00| 0 eng d
010 ## - LIBRARY OF CONGRESS CONTROL NUMBER
LC control number 2002278897
020 ## - INTERNATIONAL STANDARD BOOK NUMBER
International Standard Book Number 0070586608
082 00 - DEWEY DECIMAL CLASSIFICATION NUMBER
Classification number 658.84
Item number JAM
100 ## - MAIN ENTRY--PERSONAL NAME
Personal name James, David,
9 (RLIN) 19738
245 10 - TITLE STATEMENT
Title Oracle E-Business Suite Financials Handbook /
Statement of responsibility, etc David James, Simon Russell, Graham Seibert.
246 3# - VARYING FORM OF TITLE
Title proper/short title Oracle ebusiness suite financials handbook
246 3# - VARYING FORM OF TITLE
Title proper/short title E-business suite financials handbook
246 3# - VARYING FORM OF TITLE
Title proper/short title Ebusiness suite financial handbook
260 ## - PUBLICATION, DISTRIBUTION, ETC. (IMPRINT)
Place of publication, distribution, etc New Delhi :
Name of publisher, distributor, etc McGraw-Hill/Osborne,
Date of publication, distribution, etc 2002
300 ## - PHYSICAL DESCRIPTION
Extent xlvi, 873 p. :
Other physical details ill. ;
Dimensions 24 cm.
504 ## - BIBLIOGRAPHY, ETC. NOTE
Bibliography, etc Includes bibliographical references and index.
650 #0 - SUBJECT ADDED ENTRY--TOPICAL TERM
Topical term or geographic name as entry element Electronic commerce.
9 (RLIN) 19739
650 #0 - SUBJECT ADDED ENTRY--TOPICAL TERM
Topical term or geographic name as entry element Finance
General subdivision Computer programs.
9 (RLIN) 19740
650 #0 - SUBJECT ADDED ENTRY--TOPICAL TERM
Topical term or geographic name as entry element Database design.
9 (RLIN) 19741
700 1# - ADDED ENTRY--PERSONAL NAME
Personal name Russell, Simon,
Dates associated with a name 1965 Sept. 23-
9 (RLIN) 19742
700 1# - ADDED ENTRY--PERSONAL NAME
Personal name Seibert, Graham H.
9 (RLIN) 19743
856 42 - ELECTRONIC LOCATION AND ACCESS
Materials specified Publisher description
Uniform Resource Identifier <a href="http://www.loc.gov/catdir/description/mh022/2002278897.html">http://www.loc.gov/catdir/description/mh022/2002278897.html</a>
942 ## - ADDED ENTRY ELEMENTS (KOHA)
Item type Book - Borrowing
Call number prefix 658.84JAM
Source of classification or shelving scheme Dewey Decimal Classification
Holdings
Withdrawn status Item status Source of classification or shelving scheme Damaged status Not for loan Vendor Home library Current library Shelving location Date acquired Source of acquisition Cost, normal purchase price Total Checkouts Full call number Barcode Date last seen Cost, replacement price Koha item type
    Dewey Decimal Classification       Central Library Central Library First floor 22/09/2010   145.00   658.84 JAM 000003880 15/07/2025 181.25 Book - Borrowing